logo

Bir Sreshtho Munshi Abdur Rouf Library
Jhenaidah Cadet College

প্রধান গ্রুপ মৌলসমূহের রসায়ন / (Record no. 9688)

MARC details
000 -LEADER
fixed length control field 00671nam a22002177a 4500
001 - CONTROL NUMBER
JCCL Control Number 9688
003 - CONTROL NUMBER IDENTIFIER
JCCL marc code OSt
005 - DATE AND TIME OF LATEST TRANSACTION
control field 20180322123140.0
008 - FIXED-LENGTH DATA ELEMENTS--GENERAL INFORMATION
fixed length control field 180322b2001 bg ||||| |||| 00| 0 ben d
035 ## - SYSTEM CONTROL NUMBER
system control number (BD-JhCC)9688
040 ## - CATALOGING SOURCE
Original cataloging agency BD-JhCC
Modifying agency BD-JhCC
041 ## - LANGUAGE CODE
Language code of Book ben
082 ## - DEWEY DECIMAL CLASSIFICATION NUMBER
Classification number 540.00
Author mark and Year KUN 2001
100 ## - MAIN ENTRY--PERSONAL NAME
Personal name কুন্ডু, ড. কালিপদ
245 ## - TITLE STATEMENT
Title প্রধান গ্রুপ মৌলসমূহের রসায়ন /
Statement of responsibility, etc ড. কালিপদ কুন্ডু
260 ## - PUBLICATION, DISTRIBUTION, ETC. (IMPRINT)
Place of publication, distribution, etc ঢাকা :
Name of publisher, distributor, etc বাংলা একাডেমী
Date of publication, distribution, etc 2001.
300 ## - PHYSICAL DESCRIPTION
Pagination 364 p. :
Dimensions 23 cm.
650 ## - SUBJECT ADDED ENTRY--TOPICAL TERM
Topical term or geographic name as entry element Chemistry
942 ## - ADDED ENTRY ELEMENTS (KOHA)
Source of classification or shelving scheme Dewey Decimal Classification
Koha item type Books
Holdings
Source of classification or shelving scheme Damaged status Not for loan Home library Current library Shelving location Date of accession Cost, normal purchase price Total Checkouts Full call number Barcode Date last seen Date checked out Copy number Koha item type
Dewey Decimal Classification     JCC Rouf Library JCC Rouf Library General Stacks 03/22/2018 220.00 1 540.00 KUN 2001 10934 03/10/2024 03/04/2024 C-1 Books

JCC Library | Contacts | JCC Home

Last Update on 23 September 2017
Copyright @ 2017-2020 JCC Rouf Library
Rouf Library, Jhenidah Cadet College (JCC), Bangladesh